00670cam a22001697 4500001001300000003000400013005001700017008004100034010001700075040001800092050001100110111005300121245026300174260003600437300001000473999001700483ltf91040659 DLC20260227111553.0910416s1901 nyu 000 0 eng  altf91040659  aDLCcDLCdDLC00a4N 7902 aPan-American Expositiond(1901 :cBuffalo, N.Y.)10aArt hand-book, sculpture, architecture, painting;bofficial handbook of architecture and sculpture and art catalogue to the Pan-American Exposition with maps and illus. by permission of C.D. Arnold, Buffalo, New York, May first to November first, M. CM. & I. aBuffalo, N.Y.,bD. Gray,c1901. a95 p. c37569d37569